Normal view
MARC view
- الاعلانات التجارية - السعودية
Entry Topical Term
001 - CONTROL NUMBER
- control field: 43520
003 - CONTROL NUMBER IDENTIFIER
- control field: JO-AjAnu
005 - DATE AND TIME OF LATEST TRANSACTION
- control field: 20230606081219.0
008 - FIXED-LENGTH DATA ELEMENTS
- fixed length control field: 230606|| aca||aabn | a|a d
040 ## - CATALOGING SOURCE
- Original cataloging agency: JO-AjAnu
- Transcribing agency: JO-AjAnu
150 ## - HEADING--TOPICAL TERM
- Topical term or geographic name entry element: الاعلانات التجارية - السعودية
670 ## - SOURCE DATA FOUND
- Source citation: Work cat.: (JO-AjAnu)22283: اعداد: السويد، محمد بن علي بن محمد, author 43519, التغريب الثقافي في الاعلان التجاري: دراسة تحليلية تقويمية لعينة من الاعلانات التجارية في وسائل الاعلام في المجتمع السعودي، ج1